| Tag |
First Indicator |
Second Indicator |
Subfields |
| LEADER |
00000cam a2200000 4500 |
| 001 |
in00000053193 |
| 005 |
20151007080513.0 |
| 008 |
730316s1940 eng u |
| 010 |
|
|
|a 40027570
|
| 035 |
|
|
|a (OCoLC)00582357
|
| 035 |
|
|
|9 AAF4923AM
|
| 040 |
|
|
|c OUN
|d TXA
|d UtOrBLW
|
| 049 |
|
|
|a TXAM
|c [100395]
|
| 050 |
0 |
0 |
|a HM261.A46
|b G3 1940a
|
| 082 |
0 |
|
|a 301.15/4
|
| 092 |
|
|
|a 301.154
|b G175p
|
| 100 |
1 |
|
|a Gallup, George,
|d 1901-1984.
|
| 245 |
1 |
4 |
|a The pulse of democracy ;
|b the public-opinion poll and how it works /
|c by George Gallup and Saul Forbes Rae.
|
| 264 |
|
1 |
|a New York :
|b Simon and Schuster,
|c 1940.
|
| 300 |
|
|
|a viii, 335 pages ;
|c 21 cm.
|
| 336 |
|
|
|a text
|b txt
|2 rdacontent
|
| 337 |
|
|
|a unmediated
|b n
|2 rdamedia
|
| 338 |
|
|
|a volume
|b nc
|2 rdacarrier
|
| 500 |
|
|
|a "Second printing."
|
| 504 |
|
|
|a Bibliography: pages 326-328.
|
| 610 |
2 |
0 |
|a American Institute of Public Opinion.
|
| 650 |
|
0 |
|a Public opinion
|z United States.
|
| 700 |
1 |
|
|a Rae, Saul Forbes.
|
| 740 |
4 |
|
|a The public opinion poll and how it works.
|
| 999 |
|
|
|a MARS
|
| 999 |
f |
f |
|s 89cd4f2e-967e-3b31-b952-c2e00993c756
|i 7c453a19-a9b2-386f-8611-1cef967aaca2
|t 0
|
| 952 |
f |
f |
|p ric
|a Texas A&M University
|b Rellis Campus
|c Joint Library Facility
|d Remote Storage
|t 0
|e HM261.A46 G3 1940a
|h Library of Congress classification
|i unmediated -- volume
|m A14800638397
|
| 998 |
f |
f |
|a HM261.A46 G3 1940a
|t 0
|l Remote Storage
|